La lógica de la ciencia en la sociología /
Guardado en:
| Autor principal: | |
|---|---|
| Otros Autores: | |
| Formato: | Texto |
| Publicado: |
Madrid:
Alianza Universidad
|
| Edición: | 2 |
| Etiquetas: |
Agregar Etiqueta
Sin Etiquetas, Sea el primero en etiquetar este registro!
|
MARC
| LEADER | 00000 a a2200000 04500 | ||
|---|---|---|---|
| 001 | 39081 | ||
| 003 | |||
| 040 | |a CRAI/IIS |c CRAI/IIS | ||
| 020 | |a 84-206-2150-1 | ||
| 090 | |a 1001 W232l | ||
| 100 | |a Wallance, Walter L. | ||
| 245 | |a La lógica de la ciencia en la sociología / |c Walter L. Wallance | ||
| 250 | |a 2 | ||
| 260 | |a Madrid: |b Alianza Universidad | ||
| 500 | |a Título original: The logic of sciencie in sociology | ||
| 700 | |a Montesinos, A. |a tr. | ||
| 999 | |c 2830 |d 2830 | ||



